Responses for Show #4334 - Thursday, June 5, 2003

Jim Stalley game 2.

Contestants

[<< previous game]

Brian Schweiger, a graduate student from Nashville, Tennessee

Liz Martin, a teacher from Kailua Kona, Hawaii

Jim Stalley, a crime data specialist from Denver, Colorado (whose 1-day cash winnings total $17,900)

[next game >>]

Jeopardy! Round responses

THE SCIENCE SECTION
BASEBALL TERMS
WOULD YOU LIKE A BEVERAGE?
THE QUEEN IS DEAD
THE FINANCIAL PAGE
GIVE ME AN "H"
    $200 1
mutation

Jim
    $200 6
diamond

Jim
    $200 16
coffee

Jim
    $200 26
Cleopatra

Jim
    $200 21
oil

Jim
    $200 7
Hershey's

Jim
    $400 2
static electricity

Liz
    $400 15
error

Liz
    $400 17
nog

Liz
    $400 27
Marie Antoinette

Jim
    $400 22
Big Board

Liz
    $400 8
(Brian: What is happiness?)

hospitality

LizBrian
    $600 3
(Brian: What is Bell's palsy?)

Parkinson's disease

LizBrian
    $600 14
battery

Brian
    $600 18
beer

Jim
    $600 28
Queen Elizabeth I

Liz
    $600 23
dividends

Liz
    $600 9
howler monkey

Jim
    $800 4
supernova

Brian
    $800 13
(Brian: What is second base?)

third base

Brian
Triple Stumper
    $800 19
Fuzzy Navel

Brian
    $800 29
Queen Isabella

Brian
    $800 24
(Alex: With a minute to go.)

bills

Liz
    $800 10
horticulture

Liz
    $1,000 5
(Brian: What is "From the Universe?")

"A Brief History of Time"

Brian
    $1000 12
free agent

Brian
    $1000 20
Daiquiri

Triple Stumper
    $1000 30
(Brian: Who is Catherine the Great?)

Alexandra

JimBrian
    $1000 25
William Donaldson

Triple Stumper
    $1000 11
(Jim: What is hope?)

humility

JimBrian

Scores at the first commercial break (after clue 15):

Jim Liz Brian
$200 $2,600 $600

Scores at the end of the Jeopardy! Round:

Jim Liz Brian
$2,800 $5,400 $1,200

Double Jeopardy! Round responses

16th CENTURY AMERICA
"SPY" MOVIES
AFRICA
AT THE DRUGSTORE
WILD CATS
FROM A TO E
(Alex: Each correct response will begin with the letter "A" & end with the letter "E".)
    $400 14
Grand Canyon

Jim
    $400 9
Spy Kids

Brian
    $400 6
Zulu

Liz
    $400 30
multivitamins

Liz
    $400 15
(Brian: What is a lynx?)

puma

JimBrian
    $400 1
abdicate

Brian
    $800 22
(Liz: Who is Raleigh?)

Sir Francis Drake

LizBrian
    $800 10
(Brian: What is "Live and Let Die?")
....
(Alex: And if you're wondering, Jimmy never, ever skied off the edge of that cliff!)

The Spy Who Loved Me

LizBrian
    $800 7
savannas

Liz
    $800 29
nail polish remover

Liz
    $800 16
tiger

Jim
    $800 2
accentuate

Jim
    $1200 23
St. Augustine

Brian
    $1200 11
The Spy Who Shagged Me

Brian
    $1,600 8
(Liz: What is Ghana?)

Liberia

Liz
    $1200 28
Vaporub

Brian
    $1200 17
(Brian: What is a mountain lion?)

lion

JimBrian
    $1200 3
abalone

Jim
    $1600 24
(Alex: Less than a minute to go.)

Roanoke

Brian
    $1600 12
Spy Game

Triple Stumper
    $1600 20
Somalia

Jim
    $1600 27
calamine lotion

Jim
    $1600 18
cheetah

Jim
    $2,400 4
(Jim: [no response])

Anchorage

Jim
    $2000 25
(Jim: Who is Amerigo Vespucci?)

Giovanni de Verrazzano

JimBrian
    $2000 13
The Spy Who Came in from the Cold

Triple Stumper
    $2000 21
Burkina Faso

Jim
    $2000 26
(Brian: What is hair remover?)

depilatory

JimBrian
    $2000 19
jaguar

Jim
    $2000 5
anole

Jim

Scores at the end of the Double Jeopardy! Round:

Jim Liz Brian
$16,000 $6,200 $5,600
(lock game)

[wagering suggestions for these scores]

Final Jeopardy! Round responses

FIRST NAMES
(Alex: Sounds easy, doesn't it?)
BrianWhat was Freud?
$5,600
LizWhat is Frannie?
$5,601
JimWhat is Wendy?
$3,000
Wendy (from Peter Pan)

Final scores:

Jim Liz Brian
$19,000 $599 $0
2-day champion: $36,900 2nd place: $2,000 3rd place: $1,000

Game dynamics:

Coryat scores:

Jim Liz Brian
$18,400 $7,800 $6,600
23 R,
3 W
(including 1 DD)
15 R,
2 W
(including 1 DD)
14 R,
9 W
(including 1 DD)

Combined Coryat: $32,800

[game clues] [game scores] [suggest correction]

Game tape date: 2003-02-18
The J! Archive is created by fans, for fans. Scraping, republication, monetization, and malicious use prohibited; this site may use cookies and collect identifying information. See terms. The Jeopardy! game show and all elements thereof, including but not limited to copyright and trademark thereto, are the property of Jeopardy Productions, Inc. and are protected under law. This website is not affiliated with, sponsored by, or operated by Jeopardy Productions, Inc. Join the discussion at JBoard.tv.